| 000 | 02064cam a22004814i 4500 | ||
|---|---|---|---|
| 003 | PE-LiUPU | ||
| 005 | 20250731184100.0 | ||
| 008 | 180516s2017 sp a r 001 0 spa d | ||
| 020 | _a9584264710 | ||
| 020 | _a9789584264718 | ||
| 035 | _a(Sirsi) a241997 | ||
| 040 |
_aPE-LiUPU _bspa _cPE-LiUPU _erda |
||
| 041 | 1 |
_aspa _heng |
|
| 049 | _aPRUA | ||
| 082 | 0 | 4 |
_a828.9933 _bM12 _220 |
| 100 | 1 |
_aMcCarten, Anthony, _eautor. |
|
| 245 | 1 | 4 |
_aLas horas mas oscuras : _bWinston Churcill en mayo 1940 / _cAnthony McCarten, Traducción castellana de Juan Rabasseda. |
| 264 | 1 |
_aBarcelona : _bPlaneta, _c2017. |
|
| 300 |
_a313 páginas : _bilustraciones ; _c23 centímetros |
||
| 336 |
_atext _2rdacontent |
||
| 337 |
_aunmediated _2rdamedia |
||
| 338 |
_avolume _2rdacarrier |
||
| 504 | _aÍndice : páginas 301-313. | ||
| 505 | 0 | _aVotación de la cámara -- El zángano de la sociedad -- La caída del líder -- Halifax: el zorro sagrado -- El gran dictador -- Sngre, fatigas. lágrimas y sudor -- La situación empeora -- Miedo, dudas y presiones desde dentro -- Crisis del gabinete y liderazgo -- Lucharemos en las playas. | |
| 526 | _aP145 | ||
| 526 | _aP127 | ||
| 526 | _aP97 | ||
| 526 | _aP14 | ||
| 526 | _aP07 | ||
| 534 |
_pTítulo original : _tDarkest Hour. How Churchill Brought Us Back forn the Brink. |
||
| 541 | _g0021-0005351; | ||
| 650 | 0 | 4 | _aNovelas neozelandesas -- Siglos xx-xxi. |
| 650 | 0 | 4 | _aEscritores neozelandesas -- Siglos xx-xxi (McCarten). |
| 650 | 0 | 4 | _aNew Zealand novels -- Siglos xx-xxi. |
| 650 | 0 | 4 | _aNew Zealand writers -- Siglos xx-xxi (McCarten). |
| 700 | 1 |
_aRabasseda, Juan, _etraductor. |
|
| 910 |
_adbm _bncf _cncf _d20180503 |
||
| 942 |
_2ddc _cBOOK |
||
| 994 |
_aC0 _bPEPRU |
||
| 598 | _aCATALOGING | ||
| 596 | _a1 | ||
| 999 |
_a828.9933 M12 _wDEWEY _c27514 _i78327 _f2019-12-11 _g1 _lCCODEBUL1 _mBUL _p14.98 _r0 _sY _tBOOK _u2018-5-16 _xSALUD _zP33 _0COMPRA _1FCOMPRA _o.STAFF. Colección Ciencias de la Salud _d27514 |
||
| 980 |
_81 _gALBERTO SANCHEZ Responsable de Automatización |
||